Информационный консалтинг: теория и практика консультирования: учебник для вузов

Bibliographische Detailangaben
1. Verfasser: Блюмин А. М. Аркадий Михайлович
Zusammenfassung:В учебнике изложены основные понятия и определения консультирования и консультационной услуги. Рассмотрены виды консультирования и приведена классификация консультационных услуг. Даны характеристики консультанта, клиента-заказчика и их отношений.Рассмотрено применение консультирования в разных сферах человеческой деятельности, особенно по информационным вопросам и в области информационных технологий.Описаны общие методологические основы построения и принци­пы проектирования консультационной фирмы. Рассмотрены экономи­ческие основы проектирования услуг экспертного, процессного и обу­чающего консультирования.Изложены различные аспекты качества консультационных услуг и приведена вновь разработанная методика формализованной оценки их качества. Дана характеристика рынка консультационных услуг, а также методические и практические основы маркетинга на нем.Для студентов бакалавриата, а также для широкого круга спе­циалистов, работающих в области консультирования.
Sprache:Russisch
Veröffentlicht: Москва, Дашков и К, 2013
Schriftenreihe:Учебные издания для бакалавров
Schlagworte:
Format: Buch
KOHA link:https://koha.lib.tpu.ru/cgi-bin/koha/opac-detail.pl?biblionumber=291358

MARC

LEADER 00000nam0a2200000 4500
001 291358
005 20231101000429.0
010 |a 9785394018978 
035 |a (RuTPU)RU\TPU\book\315923 
090 |a 291358 
100 |a 20150414d2013 m y0rusy50 ca 
101 0 |a rus 
102 |a RU 
105 |a a j 001zy 
200 1 |a Информационный консалтинг: теория и практика консультирования  |e учебник для вузов  |f А. М. Блюмин 
210 |a Москва  |c Дашков и К  |d 2013 
215 |a 362 с.  |c ил. 
225 1 |a Учебные издания для бакалавров 
320 |a Библиогр.: с. 360-362. 
330 |a В учебнике изложены основные понятия и определения консультирования и консультационной услуги. Рассмотрены виды консультирования и приведена классификация консультационных услуг. Даны характеристики консультанта, клиента-заказчика и их отношений.Рассмотрено применение консультирования в разных сферах человеческой деятельности, особенно по информационным вопросам и в области информационных технологий.Описаны общие методологические основы построения и принци­пы проектирования консультационной фирмы. Рассмотрены экономи­ческие основы проектирования услуг экспертного, процессного и обу­чающего консультирования.Изложены различные аспекты качества консультационных услуг и приведена вновь разработанная методика формализованной оценки их качества. Дана характеристика рынка консультационных услуг, а также методические и практические основы маркетинга на нем.Для студентов бакалавриата, а также для широкого круга спе­циалистов, работающих в области консультирования. 
606 1 |a Консалтинг(управленческое консультирование)  |2 stltpush  |3 (RuTPU)RU\TPU\subj\27889 
610 1 |a консультирование 
610 1 |a консультации 
610 1 |a консультационная деятельность 
610 1 |a консультационные услуги 
610 1 |a консультирование 
610 1 |a информационный консалтинг 
610 1 |a теория 
610 1 |a практика 
610 1 |a консультирование 
610 1 |a экспертное консультирование 
610 1 |a процессное консультирование 
610 1 |a обучающее консультирование 
610 1 |a рынок услуг 
610 1 |a качество 
610 1 |a оценка 
610 1 |a учебники 
686 |a У9(2)212я73  |v LBC/SL-A  |2 rubbk 
700 1 |a Блюмин  |b А. М.  |g Аркадий Михайлович 
801 1 |a RU  |b 63413507  |c 20150414 
801 2 |a RU  |b 63413507  |c 20150727  |g RCR 
900 |a Консалтинг 
900 |a Управленческое консультирование 
942 |c BK 
959 |a 26/20150330  |d 3  |e 275,00  |f ЧЗГЛ:1  |f УФ:2